League of Legends (LoL) - Runes - Statistiques

Statistiques générales
  • Ce quiz a été pris 1 193 fois
    311 depuis la dernière actualisation
  • Le résultat moyen est 24 sur 61
Statistiques - réponses
Branche Rune % Correct
Précision Conquérant
95%
Précision Tempo mortel
89%
Sorcellerie Comète arcanique
84%
Domination Électrocution
84%
Précision Attaque soutenue
82%
Domination Moisson noire
79%
Volonté Poigne de l'immortel
79%
Sorcellerie Invocation d'Aery
76%
Précision Jeu de jambes
76%
Domination Déluge de lames
72%
Volonté Après-coup
69%
Sorcellerie Rush phasique
69%
Inspiration Premier coup
62%
Volonté Gardien
60%
Précision Triomphe
59%
Volonté Démolition
57%
Précision Légende : alacrité
57%
Inspiration Grimoire déchaîné
56%
Inspiration Livraison de biscuits
53%
Sorcellerie Ruban de mana
52%
Volonté Plaque d'os
51%
Inspiration Optimisation glaciale
45%
Domination Chasseur ultime
41%
Précision Présence d'esprit
41%
Sorcellerie Brûlure
40%
Précision Baroud d'honneur
36%
Volonté Second souffle
36%
Précision Coup de grâce
35%
Sorcellerie Tempête menaçante
34%
Précision Abattage
33%
Domination Chasseur de trésors
31%
Précision Légende : sangsue
30%
Domination Goût du sang
29%
Volonté Revitalisation
27%
Sorcellerie Célérité
26%
Domination Coup bas
25%
Volonté Coup de bouclier
25%
Sorcellerie Marche sur l'eau
24%
Volonté Surcroissance
24%
Volonté Conditionnement
23%
Domination Ruée offensive
23%
Sorcellerie Transcendance
22%
Volonté Fontaine de vie
21%
Inspiration Chaussures magiques
20%
Sorcellerie Manteau nuageux
20%
Précision Légende : accélération
19%
Inspiration Canaliportation Hextech
18%
Sorcellerie Concentration absolue
17%
Sorcellerie Arcaniste axiomatique
16%
Inspiration Polyvalence
16%
Inspiration Remise immédiate
16%
Domination Chasseur acharné
15%
Volonté Inébranlable
13%
Inspiration Savoir cosmique
13%
Inspiration Triple tonique
13%
Inspiration Vitesse d'approche
12%
Domination Balise de profondeur
11%
Domination Sixième sens
11%
Précision Absorption vitale
10%
Domination Souvenirs épouvantables
7%
Inspiration Philtre de chronodistorsion
4%
Aucun quiz correspondant
Distribution des résultats
% des personnes avec chaque résultat
Percentile par nombre de réponses
Votre historique - résultats
Vous n’avez pas pris ce quiz depuis la dernière actualisation